| 000 | 00456 a2200157 4500 | ||
|---|---|---|---|
| 020 | _a0-471-00976-8 | ||
| 040 | _aDLC | ||
| 082 | _a515.0285 | ||
| 245 | 0 | 0 |
_aDiscovering calculus with Mathematica _cCecilia A. Knoll ... |
| 260 |
_aNew York : _bWiley, _c1995 |
||
| 300 |
_aviii,340 s. : _bill ; _c26cm |
||
| 650 | 7 |
_aCalculus _xData processing |
|
| 650 | 7 | _aCalculus, Calculating equipment | |
| 700 | 1 |
_aKnoll, Cecilia A. _4oth |
|
| 942 |
_cBK _k515.0285 KNO _2ddc |
||
| 999 |
_c7567 _d7567 |
||